Régimes alimentaires des animaux - Statistiques

Statistiques générales
  • Ce quiz a été pris 64 fois
  • Le résultat moyen est 15 sur 20
Statistiques - réponses
Question Réponse % Correct
Quel est le régime alimentaire de l'aigle royal ? Carnivore
100%
Quel est le régime alimentaire du chat ? Carnivore
100%
Quel est le régime alimentaire du léopard ? Carnivore
100%
Quel est le régime alimentaire du koala ? Végétarien
100%
Quel est le régime alimentaire de l'alpaga ? Végétarien
100%
Quel est le régime alimentaire du poney ? Végétarien
100%
Quel est le régime alimentaire du dauphin ? Carnivore
83%
Quel est le régime alimentaire de la chouette ? Carnivore
83%
Quel est le régime alimentaire du vautour ? Carnivore
83%
Quel est le régime alimentaire du macaque ? Omnivore
83%
Quel est le régime alimentaire de l'okapi ? Végétarien
83%
Quel est le régime alimentaire du varan ? Carnivore
67%
Quel est le régime alimentaire du morse ? Carnivore
67%
Quel est le régime alimentaire du pingouin ? Carnivore
67%
Quel est le régime alimentaire de l'écureuil ? Omnivore
67%
Quel est le régime alimentaire du hérisson ? Omnivore
67%
Quel est le régime alimentaire du panda ? Végétarien
67%
Quel est le régime alimentaire du tamanoir ? Carnivore
33%
Quel est le régime alimentaire de l'iguane ? Végétarien
17%
Quel est le régime alimentaire du yack ? Omnivore
0%
Aucun quiz correspondant
Distribution des résultats
% des personnes avec chaque résultat
Percentile par nombre de réponses
Votre historique - résultats
Vous n’avez pas pris ce quiz